000 00199nam a2200085Ia 4500
008 120527s9999 xx 000 0 und d
100 _aGutland, A. c
245 _aCommunity and Environment
942 _cBK
999 _c27299
_d27299